000
00305nam a2200109 4500
999
_c
9788
_d
9788
008
180717b ||||| |||| 00| 0 eng d
245
_a
Filipinos becoming savvy: survey.
260
_a
Davao City
_b
Sun Star Davao
_c
c2017
300
_a
page 7.
650
0
_9
28996
_a
Technological innovations.
942
_2
ddc
_c
PER